[Event "Alushta Blitz op"]
[Site "Alushta"]
[Date "2022.07.02"]
[Round "5"]
[White "Truskavetsky, Alexandr"]
[Black "Tchernyi, Viktor"]
[Result "1/2-1/2"]
[WhiteElo "2370"]
[BlackElo "1952"]
[PlyCount "76"]
[EventDate "2022.07.02"]
[EventType "swiss (blitz)"]
[EventRounds "13"]
[EventCountry "UKR"]
[SourceTitle "CBM 209 Extra"]
[Source "ChessBase"]
[SourceDate "2022.09.30"]
[SourceVersion "1"]
[SourceVersionDate "2022.09.30"]
[SourceQuality "1"]

1. d4 e6 2. Nf3 f5 3. c4 Nf6 4. Nc3 Bb4 5. g3 b6 6. Bg2 Bb7 7. 0-0 Bxc3 8. bxc3 0-0 9. a4 Nc6 10. Rb1 Na5 11. Ba3 Re8 12. Nd2 Bxg2 13. Kxg2 Qc8 14. c5 Qb7+ 15. Kg1 Qd5 16. Rb4 d6 17. cxd6 cxd6 18. Rb5 Qc6 19. c4 Nxc4 20. Nxc4 Qxc4 21. Bxd6 Ne4 22. Bb4 Rac8 23. Qd3 Qxd3 24. exd3 Nf6 25. a5 bxa5 26. Rxa5 Red8 27. Bc5 Rd7 28. Rfa1 Nd5 29. Ra6 Kf7 30. Re1 Re8 31. Rb1 Ne7 32. f3 Rc8 33. Kf2 Nc6 34. Ke3 Ne7 35. Kd2 Nc6 36. Rba1 Nxd4 37. Bxd4 Rxd4 38. Rxa7+ Ke8 1/2-1/2

[Event "Voronezh op-A 23rd"]
[Site "Voronezh"]
[Date "2019.06.15"]
[Round "4"]
[White "Tchernyi, Viktor"]
[Black "Kovalenko, Sergey"]
[Result "1-0"]
[WhiteElo "2064"]
[BlackElo "2269"]
[PlyCount "91"]
[EventDate "2019.06.12"]
[EventType "swiss"]
[EventRounds "9"]
[EventCountry "RUS"]
[SourceTitle "EXT 2020"]
[Source "ChessBase"]
[SourceDate "2019.10.17"]
[SourceVersion "1"]
[SourceVersionDate "2019.10.17"]
[SourceQuality "1"]

1. d4 Nf6 2. Nc3 d5 3. Bg5 e6 4. e4 dxe4 5. Nxe4 Be7 6. Bxf6 Bxf6 7. Nf3 Nd7 8. Qd2 Be7 9. 0-0-0 Nf6 10. Bd3 Nxe4 11. Bxe4 c6 12. Kb1 Qc7 13. c3 a5 14. Qc2 h6 15. Ne5 a4 16. a3 Bd7 17. f4 0-0 18. Qe2 Rfd8 19. Bc2 Be8 20. g4 f6 21. Qe4 g6 22. Nxg6 Bd6 23. Qxe6+ Qf7 24. Qe3 Qc4 25. Ne7+ Kh8 26. Qe4 Qf7 27. Nf5 Bf8 28. Qf3 Bd7 29. Nh4 Bd6 30. Rde1 Ra5 31. Ka1 Rg8 32. h3 Be6 33. Rhf1 Bc4 34. Rf2 Rb5 35. Bb1 c5 36. Nf5 Bf8 37. dxc5 Rxc5 38. Qe3 Rb5 39. Rd2 Qc7 40. Qd4 Rb6 41. Re8 Bf7 42. Rd8 Bc5 43. Rd7 Qc6 44. Rxf7 Bxd4 45. Nxd4 Rg7 46. Rf8+ 1-0

[Event "Voronezh op-A 23rd"]
[Site "Voronezh"]
[Date "2019.06.14"]
[Round "3"]
[White "Ibadov, Dashgyn"]
[Black "Tchernyi, Viktor"]
[Result "1-0"]
[WhiteElo "2298"]
[BlackElo "2064"]
[PlyCount "79"]
[EventDate "2019.06.12"]
[EventType "swiss"]
[EventRounds "9"]
[EventCountry "RUS"]
[SourceTitle "EXT 2020"]
[Source "ChessBase"]
[SourceDate "2019.10.17"]
[SourceVersion "1"]
[SourceVersionDate "2019.10.17"]
[SourceQuality "1"]

1. e4 c5 2. Nf3 g6 3. d4 cxd4 4. Nxd4 Bg7 5. Nc3 Nc6 6. Be3 Nf6 7. Nxc6 bxc6 8. e5 Ng8 9. Bd4 Qc7 10. e6 Nf6 11. exd7+ Bxd7 12. Bc4 0-0 13. Qe2 c5 14. Be5 Qb7 15. 0-0 Bc6 16. f3 Rfd8 17. b3 Nh5 18. Rad1 Bh6 19. Rd3 Nf4 20. Rxd8+ Rxd8 21. Bxf4 Bxf4 22. Bxf7+ Kg7 23. Bc4 Qc7 24. g3 Rd2 25. Qe1 Qe5 26. gxf4 Qd4+ 27. Rf2 Rxf2 28. Qxe7+ Kh6 29. Qh4+ Kg7 30. Qxf2 Qxc3 31. Kg2 a5 32. Qe2 a4 33. Qe5+ Qxe5 34. fxe5 g5 35. Kf2 a3 36. c3 Kg6 37. Ke3 Kf5 38. e6 h5 39. b4 h4 40. b5 1-0

[Event "Marianske Lazne op 17th"]
[Site "Marianske Lazne"]
[Date "2018.01.23"]
[Round "5"]
[White "Tchernyi, Viktor"]
[Black "Certek, Pavel"]
[Result "0-1"]
[WhiteElo "2071"]
[BlackElo "2286"]
[PlyCount "64"]
[EventDate "2018.01.20"]
[EventType "swiss"]
[EventRounds "9"]
[EventCountry "CZE"]
[SourceTitle "CBM 182 Extra"]
[Source "ChessBase"]
[SourceDate "2018.02.23"]
[SourceVersion "1"]
[SourceVersionDate "2018.02.23"]
[SourceQuality "1"]

1. d4 Nf6 2. Nc3 d5 3. Bg5 Nbd7 4. Qd3 c5 5. e4 cxd4 6. Qxd4 e5 7. Qa4 d4 8. Nd5 Be7 9. Bxf6 Bxf6 10. Bb5 0-0 11. Qa3 Nb6 12. Nxf6+ Qxf6 13. Nf3 a6 14. Bd3 Bg4 15. Nd2 Rac8 16. 0-0 Qg5 17. f4 exf4 18. Qd6 Na4 19. Qxf4 Qh5 20. Nc4 Be2 21. Rf2 Bxd3 22. cxd3 Nc5 23. Nd6 Nxd3 24. Qf5 Qxf5 25. Rxf5 Rc7 26. Rd1 g6 27. Rd5 Nf4 28. Ra5 Rc2 29. g3 Ne2+ 30. Kf1 Rxb2 31. Nc4 Rc2 32. Na3 Rxa2 0-1

[Event "Voronezh op-A 20th"]
[Site "Voronezh"]
[Date "2016.06.20"]
[Round "9"]
[White "Tchernyi, Viktor"]
[Black "Lysenko, Margarita"]
[Result "1-0"]
[WhiteElo "2204"]
[BlackElo "2097"]
[PlyCount "181"]
[EventDate "2016.06.12"]
[EventType "swiss"]
[EventRounds "9"]
[EventCountry "RUS"]
[SourceTitle "EXT 2019"]
[Source "ChessBase"]
[SourceDate "2018.10.10"]
[SourceVersion "1"]
[SourceVersionDate "2018.10.10"]
[SourceQuality "1"]

1. e4 d5 2. exd5 Qxd5 3. Nc3 Qd6 4. d4 Nf6 5. Nf3 a6 6. Ne5 Nc6 7. Nxc6 Qxc6 8. Bf4 e6 9. a3 Bd7 10. Be2 Qb6 11. 0-0 Bd6 12. Be3 c6 13. g3 Qc7 14. Bf3 h6 15. Ne4 Nxe4 16. Bxe4 0-0 17. c4 Qd8 18. f4 f5 19. Bg2 Qc7 20. Rf2 Rae8 21. b4 Kh8 22. Bf3 Be7 23. h4 Bf6 24. Rc1 Kh7 25. h5 Kh8 26. Qd3 Qb8 27. a4 Rd8 28. Qb3 Rfe8 29. Rd1 Rc8 30. a5 Qc7 31. Ra2 Rg8 32. Rh2 Rge8 33. Rdd2 Rf8 34. Ra2 Rfe8 35. Rhb2 Rg8 36. Rh2 Rge8 37. Kf2 Qd6 38. Rd2 Qc7 39. Rh1 Rf8 40. Rg1 Rce8 41. Ke2 Rc8 42. Rdd1 Rfe8 43. Kd2 b6 44. axb6 Qxb6 45. c5 Qb7 46. Ra1 Rb8 47. Rgb1 Red8 48. Kc3 Ra8 49. Be2 Bc8 50. Ra4 Qd7 51. Kc2 Qe8 52. Qc3 Rb8 53. Rh1 Qd7 54. Qc4 Qe8 55. Bf3 Bb7 56. Bf2 Qd7 57. Re1 Re8 58. Raa1 Rbd8 59. Re2 Re7 60. Rae1 Rde8 61. Rd1 Qc7 62. Be1 Qc8 63. Bc3 a5 64. bxa5 Ba6 65. Qa4 Bb5 66. Qa3 Bxe2 67. Bxe2 Rd8 68. Bc4 Qd7 69. Qa1 Qe8 70. Be2 Ra7 71. Qa4 Qd7 72. Bf3 Rc8 73. Rb1 Bd8 74. a6 Bf6 75. Rb6 Qe8 76. Rb7 Raa8 77. a7 Kg8 78. Ba5 Kh8 79. Bc7 Qf7 80. Qxc6 Bxd4 81. Rb8 Rxa7 82. Rxc8+ Kh7 83. Bd6 Ra2+ 84. Kd3 e5 85. Bd5 Ra3+ 86. Kc2 Ra2+ 87. Kc1 Ra1+ 88. Kd2 Ra2+ 89. Kd3 Ra3+ 90. Kc4 Rc3+ 91. Kb5 1-0

[Event "Voronezh op-A 20th"]
[Site "Voronezh"]
[Date "2016.06.17"]
[Round "6"]
[White "Martynyuk, Elizaveta"]
[Black "Tchernyi, Viktor"]
[Result "1-0"]
[WhiteElo "1999"]
[BlackElo "2204"]
[PlyCount "81"]
[EventDate "2016.06.12"]
[EventType "swiss"]
[EventRounds "9"]
[EventCountry "RUS"]
[SourceTitle "EXT 2019"]
[Source "ChessBase"]
[SourceDate "2018.10.10"]
[SourceVersion "1"]
[SourceVersionDate "2018.10.10"]
[SourceQuality "1"]

1. e4 e5 2. Nf3 Nc6 3. Bc4 Nf6 4. d3 Bc5 5. c3 d6 6. Bb3 h6 7. 0-0 0-0 8. Nbd2 a6 9. h3 Ba7 10. Re1 Be6 11. Nf1 Qd7 12. Ng3 Rae8 13. Be3 Bxe3 14. fxe3 d5 15. exd5 Nxd5 16. Ne4 Qe7 17. d4 Rd8 18. Nc5 Bc8 19. Qe2 Rfe8 20. Qf1 a5 21. Ba4 Qd6 22. Ne4 Qg6 23. Nc5 b6 24. Nh4 Qd6 25. Ne4 Qe6 26. c4 Nxe3 27. Rxe3 exd4 28. Ree1 d3 29. Rad1 Qxc4 30. Qf4 Qd4+ 31. Kh1 Re6 32. Nf3 Qxb2 33. Qxc7 Rg6 34. Rd2 Qb4 35. Bxc6 Rf8 36. Rxd3 Qc4 37. Ne5 Qb4 38. Red1 Re6 39. Rd8 Rxd8 40. Rxd8+ Kh7 41. Qxf7 1-0

[Event "Paleochora op 7th"]
[Site "Paleochora"]
[Date "2014.07.28"]
[Round "9"]
[White "Stopa, Jacek"]
[Black "Tchernyi, Viktor"]
[Result "1-0"]
[WhiteElo "2482"]
[BlackElo "2207"]
[PlyCount "85"]
[EventDate "2014.07.21"]
[EventType "swiss"]
[EventRounds "9"]
[EventCountry "GRE"]
[SourceTitle "CBM 161 Extra"]
[Source "ChessBase"]
[SourceDate "2014.08.29"]
[SourceVersion "1"]
[SourceVersionDate "2014.08.29"]
[SourceQuality "1"]

1. Nf3 d5 2. c4 c6 3. e3 Nf6 4. Nc3 g6 5. d4 Bg7 6. Be2 0-0 7. 0-0 e6 8. Qc2 Nbd7 9. e4 dxe4 10. Nxe4 Nxe4 11. Qxe4 e5 12. dxe5 Re8 13. Bf4 Qe7 14. Rfe1 Nxe5 15. Nxe5 Bf5 16. Qf3 Bxe5 17. Bd3 Qd6 18. Bxe5 Rxe5 19. Rxe5 Qxe5 20. Bxf5 Qxf5 21. Qxf5 gxf5 22. Rd1 Re8 23. Kf1 Re7 24. f3 Kg7 25. Rd6 a5 26. Kf2 Re5 27. Rd2 Rc5 28. Rd4 Re5 29. b3 Kf6 30. Rd7 b5 31. Rc7 Re6 32. cxb5 cxb5 33. Ra7 f4 34. Rxa5 Rc6 35. h4 Rc2+ 36. Kg1 b4 37. Kh2 Kg6 38. Rg5+ Kf6 39. Ra5 h6 40. Ra6+ Kg7 41. Ra4 Kf6 42. Ra5 Kg7 43. Ra4 1-0

[Event "Paleochora op 7th"]
[Site "Paleochora"]
[Date "2014.07.27"]
[Round "8"]
[White "Tchernyi, Viktor"]
[Black "Eggleston, David"]
[Result "1-0"]
[WhiteElo "2207"]
[BlackElo "2409"]
[PlyCount "65"]
[EventDate "2014.07.21"]
[EventType "swiss"]
[EventRounds "9"]
[EventCountry "GRE"]
[SourceTitle "CBM 161 Extra"]
[Source "ChessBase"]
[SourceDate "2014.08.29"]
[SourceVersion "1"]
[SourceVersionDate "2014.08.29"]
[SourceQuality "1"]

1. e4 c5 2. Nf3 d6 3. d4 Nf6 4. Nc3 cxd4 5. Nxd4 a6 6. h3 e6 7. g4 Be7 8. g5 Nfd7 9. h4 Nc6 10. Be3 Qc7 11. h5 Nce5 12. f4 Nc4 13. Bxc4 Qxc4 14. Qf3 b5 15. g6 hxg6 16. hxg6 Rxh1+ 17. Qxh1 fxg6 18. e5 dxe5 19. fxe5 b4 20. 0-0-0 bxc3 21. Qxa8 Nb6 22. Qc6+ Qxc6 23. Nxc6 cxb2+ 24. Kb1 Na4 25. Rd4 Bc5 26. Rd8+ Kf7 27. Bxc5 Nxc5 28. Rxc8 Ne4 29. Rc7+ Kg8 30. Nd4 g5 31. Nxe6 g4 32. Rxg7+ Kh8 33. Rxg4 1-0

[Event "Paleochora op 7th"]
[Site "Paleochora"]
[Date "2014.07.22"]
[Round "3"]
[White "Skembris, Spyridon"]
[Black "Tchernyi, Viktor"]
[Result "1-0"]
[WhiteElo "2473"]
[BlackElo "2207"]
[PlyCount "53"]
[EventDate "2014.07.21"]
[EventType "swiss"]
[EventRounds "9"]
[EventCountry "GRE"]
[SourceTitle "CBM 161 Extra"]
[Source "ChessBase"]
[SourceDate "2014.08.29"]
[SourceVersion "1"]
[SourceVersionDate "2014.08.29"]
[SourceQuality "1"]

1. d4 e6 2. c4 f5 3. g3 Nf6 4. Bg2 Be7 5. Nc3 0-0 6. Nh3 d6 7. 0-0 Qe8 8. e4 fxe4 9. Nxe4 Nxe4 10. Bxe4 e5 11. Bg2 Nc6 12. dxe5 dxe5 13. Ng5 Qg6 14. h4 Bxg5 15. Bxg5 Nd4 16. Re1 Qc2 17. Be3 Qxd1 18. Raxd1 Bg4 19. Bxd4 Bxd1 20. Bd5+ Kh8 21. Bc5 Rad8 22. Rxd1 c6 23. Bf3 Rxd1+ 24. Bxd1 Rd8 25. Bb3 Rd2 26. Bxa7 Rxb2 27. c5 1-0

[Event "Rethymno op 6th"]
[Site "Rethymno"]
[Date "2014.07.17"]
[Round "7"]
[White "Tzouvelekis, Ioannis"]
[Black "Tchernyi, Viktor"]
[Result "0-1"]
[WhiteElo "1914"]
[BlackElo "2207"]
[PlyCount "74"]
[EventDate "2014.07.12"]
[EventType "swiss"]
[EventRounds "9"]
[EventCountry "GRE"]
[SourceTitle "CBM 161 Extra"]
[Source "ChessBase"]
[SourceDate "2014.08.29"]
[SourceVersion "1"]
[SourceVersionDate "2014.08.29"]
[SourceQuality "1"]

1. e4 c5 2. c3 g6 3. d4 cxd4 4. cxd4 d5 5. e5 Nc6 6. Nf3 Bg4 7. Bb5 Nh6 8. h3 Bxf3 9. Bxc6+ bxc6 10. Qxf3 Nf5 11. Qc3 Qb6 12. Be3 f6 13. e6 Ng7 14. 0-0 Nxe6 15. Nd2 f5 16. f4 Bg7 17. Nf3 0-0 18. b4 Rac8 19. Rab1 Rfd8 20. Rfe1 Qa6 21. Qd2 Nc7 22. Bf2 Bf6 23. g4 e6 24. g5 Bg7 25. Kg2 Re8 26. Re2 Nb5 27. h4 Nd6 28. Rb3 Ne4 29. Qd3 Qb5 30. Be1 Kf7 31. Ra3 Re7 32. Re3 Nd6 33. Ra5 Qb8 34. Nd2 Nb5 35. Nf3 Qxf4 36. Bg3 Qg4 37. Re5 f4 0-1

[Event "Moscow Victory Day op"]
[Site "Moscow"]
[Date "2013.05.11"]
[Round "5"]
[White "Savchenko, Andrey"]
[Black "Tchernyi, Viktor"]
[Result "1/2-1/2"]
[WhiteElo "1965"]
[BlackElo "2223"]
[PlyCount "117"]
[EventDate "2013.05.04"]
[EventType "swiss"]
[EventRounds "9"]
[EventCountry "RUS"]
[SourceTitle "CBM 154 Extra"]
[Source "ChessBase"]
[SourceDate "2013.06.25"]
[SourceVersion "2"]
[SourceVersionDate "2013.06.25"]
[SourceQuality "1"]

1. b3 d5 2. Bb2 Nf6 3. g3 Bf5 4. Bg2 e6 5. d3 Be7 6. Nd2 h6 7. e4 Bh7 8. Ne2 0-0 9. 0-0 Nc6 10. h3 Bc5 11. Bxf6 gxf6 12. exd5 exd5 13. Nf4 Ne7 14. Qh5 Kg7 15. Bxd5 Bg6 16. Qf3 c6 17. Nxg6 fxg6 18. Be6 Bb4 19. Qf4 Bc3 20. Rae1 g5 21. Qe3 Re8 22. Bg4 f5 23. Bh5 Ng6 24. Qxe8 Qxe8 25. Rxe8 Rxe8 26. Nc4 Re6 27. a4 Kf6 28. Kg2 Ne5 29. Ne3 f4 30. Nd1 Bd2 31. d4 Nf7 32. Kf3 Nd6 33. gxf4 Bxf4 34. Nc3 Bd2 35. Ne2 Nf5 36. Rd1 Ba5 37. c4 Nh4+ 38. Kg3 Bc7+ 39. f4 Re3+ 40. Kf2 gxf4 41. d5 Rxh3 42. b4 Rh2+ 43. Kg1 f3 44. d6 Rg2+ 45. Kh1 fxe2 46. Bxe2 Bxd6 47. Rxd6+ Ke5 48. Rxh6 Nf5 49. Rh8 Rg7 50. Bd3 Nd4 51. Re8+ Kd6 52. Be4 Kd7 53. Ra8 a6 54. b5 axb5 55. axb5 cxb5 56. cxb5 Kc7 57. Ra7 Kb6 58. Rxb7+ Rxb7 59. Bxb7 1/2-1/2

[Event "Kaluga Tsiolkovsky Memorial op"]
[Site "Kaluga"]
[Date "2012.08.05"]
[Round "7"]
[White "Tchernyi, Viktor"]
[Black "Shaposhnikov, Evgeny"]
[Result "0-1"]
[WhiteElo "2247"]
[BlackElo "2545"]
[PlyCount "64"]
[EventDate "2012.07.30"]
[EventType "swiss"]
[EventRounds "9"]
[EventCountry "RUS"]
[SourceTitle "EXT 2014"]
[Source "ChessBase"]
[SourceDate "2013.11.20"]
[SourceVersion "1"]
[SourceVersionDate "2013.11.20"]
[SourceQuality "1"]

1. e4 c5 2. Nf3 e6 3. b3 b6 4. Bb2 Bb7 5. Qe2 Nc6 6. g3 Nf6 7. Bg2 Be7 8. 0-0 d5 9. exd5 Qxd5 10. Na3 0-0 11. c4 Qh5 12. d4 Nxd4 13. Nxd4 Bxg2 14. Qxh5 Nxh5 15. Kxg2 cxd4 16. Nb5 d3 17. Rad1 Rfd8 18. Rd2 Rd7 19. Nd4 e5 20. Nc6 e4 21. Re1 Bg5 22. Rdd1 f5 23. f3 d2 24. Re2 e3 25. h4 Bh6 26. Ne5 Re7 27. f4 Bxf4 28. gxf4 Nxf4+ 29. Kf3 Nxe2 30. Kxe2 f4 31. Rf1 Rd8 32. Nc6 f3+ 0-1

[Event "Kaluga Tsiolkovsky Memorial op"]
[Site "Kaluga"]
[Date "2012.08.03"]
[Round "5"]
[White "Tchernyi, Viktor"]
[Black "Khozhanov, Khazhanurat"]
[Result "1-0"]
[WhiteElo "2247"]
[BlackElo "1919"]
[PlyCount "71"]
[EventDate "2012.07.30"]
[EventType "swiss"]
[EventRounds "9"]
[EventCountry "RUS"]
[SourceTitle "EXT 2014"]
[Source "ChessBase"]
[SourceDate "2013.11.20"]
[SourceVersion "1"]
[SourceVersionDate "2013.11.20"]
[SourceQuality "1"]

1. e4 g6 2. d4 Bg7 3. Nc3 d6 4. f4 Nc6 5. d5 Nb8 6. Be3 Nf6 7. Nf3 c5 8. Bb5+ Nbd7 9. a4 a6 10. Bc4 Ng4 11. Bd2 0-0 12. h3 Ngf6 13. 0-0 Rb8 14. Qe2 Nh5 15. Kh2 Nb6 16. Bd3 Qc7 17. a5 Nd7 18. g4 Nhf6 19. b3 h5 20. g5 Ne8 21. Ra2 Ra8 22. Na4 b5 23. axb6 Nxb6 24. Ba5 Nxa4 25. Bxc7 Nc3 26. Qd2 Nxc7 27. Ra5 N3b5 28. e5 Bb7 29. c4 Nd4 30. Nxd4 cxd4 31. Qe2 dxe5 32. fxe5 Bc8 33. e6 fxe6 34. Rxf8+ Kxf8 35. Bxg6 exd5 36. Qf3+ 1-0

[Event "Kaluga Tsiolkovsky Memorial op"]
[Site "Kaluga"]
[Date "2012.07.30"]
[Round "2"]
[White "Tchernyi, Viktor"]
[Black "Kovalenko, Igor"]
[Result "0-1"]
[WhiteElo "2247"]
[BlackElo "2556"]
[PlyCount "86"]
[EventDate "2012.07.30"]
[EventType "swiss"]
[EventRounds "9"]
[EventCountry "RUS"]
[SourceTitle "EXT 2014"]
[Source "ChessBase"]
[SourceDate "2013.11.20"]
[SourceVersion "1"]
[SourceVersionDate "2013.11.20"]
[SourceQuality "1"]

1. e4 c5 2. Nf3 Nc6 3. Nc3 e6 4. d4 cxd4 5. Nxd4 d6 6. g3 a6 7. Bg2 Nxd4 8. Qxd4 Ne7 9. Be3 b5 10. Qb6 Bd7 11. 0-0-0 Nc6 12. Qxd8+ Rxd8 13. a4 b4 14. Nb1 Rc8 15. Nd2 b3 16. cxb3 d5 17. exd5 Nb4+ 18. Nc4 exd5 19. Bxd5 Bf5 20. Rhe1 Na2+ 21. Kd2 Bb4+ 22. Ke2 0-0 23. Bd2 Bc2 24. Ne3 Bxd1+ 25. Rxd1 Bxd2 26. Rxd2 Nb4 27. Bc4 Rfd8 28. Nd5 Nxd5 29. Bxd5 Kf8 30. Bb7 Rxd2+ 31. Kxd2 Rd8+ 32. Kc3 a5 33. Kc4 Rb8 34. b4 Rxb7 35. bxa5 Ke8 36. Kc5 Kd8 37. a6 Re7 38. Kb6 Kc8 39. b4 Kb8 40. b5 g5 41. g4 Re6+ 42. Kc5 Ka7 43. a5 Rf6 0-1

[Event "Moscow-ch sf"]
[Site "Moscow"]
[Date "2011.03.26"]
[Round "8"]
[White "Tchernyi, Viktor"]
[Black "Morozov, Grigory"]
[Result "0-1"]
[WhiteElo "2171"]
[BlackElo "2335"]
[PlyCount "88"]
[EventDate "2011.03.13"]
[EventType "swiss"]
[EventRounds "9"]
[EventCountry "RUS"]
[SourceTitle "CBM 141 Extra"]
[Source "ChessBase"]
[SourceDate "2011.05.03"]
[SourceVersion "1"]
[SourceVersionDate "2011.05.03"]
[SourceQuality "1"]

1. d4 d5 2. c4 e6 3. Nf3 c6 4. Qc2 Nf6 5. Bg5 Nbd7 6. e3 Qa5+ 7. Nc3 Ne4 8. cxd5 cxd5 9. Bd3 Nxg5 10. Nxg5 h6 11. Nf3 Bd6 12. 0-0 0-0 13. a3 Qd8 14. Rac1 a6 15. Rfd1 Ra7 16. e4 b5 17. Qe2 dxe4 18. Nxe4 Bf4 19. Rc2 Bb7 20. Nc5 Bd5 21. Ne5 Bxe5 22. dxe5 Qg5 23. Be4 Bxe4 24. Qxe4 Qxe5 25. Qxe5 Nxe5 26. b4 a5 27. Re1 Ng6 28. g3 axb4 29. axb4 Rd8 30. Re4 e5 31. Rb2 f5 32. Re1 e4 33. f4 Ne7 34. g4 g6 35. h4 h5 36. gxh5 gxh5 37. Ne6 Rd6 38. Rg2+ Kf7 39. Ng7 Rg6 40. Nxh5 Rxg2+ 41. Kxg2 Nd5 42. Rc1 Kg6 43. Rc5 Ne3+ 44. Kf2 Kxh5 0-1

[Event "Moscow-ch sf"]
[Site "Moscow"]
[Date "2011.03.17"]
[Round "3"]
[White "Krivenko, Sergey"]
[Black "Tchernyi, Viktor"]
[Result "1-0"]
[WhiteElo "2339"]
[BlackElo "2171"]
[PlyCount "73"]
[EventDate "2011.03.13"]
[EventType "swiss"]
[EventRounds "9"]
[EventCountry "RUS"]
[SourceTitle "CBM 141 Extra"]
[Source "ChessBase"]
[SourceDate "2011.05.03"]
[SourceVersion "1"]
[SourceVersionDate "2011.05.03"]
[SourceQuality "1"]

1. d4 d5 2. c4 c6 3. Nf3 Nf6 4. e3 e6 5. b3 c5 6. Bb2 cxd4 7. exd4 Nc6 8. Nbd2 Be7 9. Bd3 dxc4 10. bxc4 0-0 11. 0-0 Re8 12. Qe2 b6 13. Rad1 Bb7 14. Rfe1 Qd6 15. Ne4 Qf4 16. d5 Nb4 17. Be5 Qh6 18. Bxf6 gxf6 19. d6 Bf8 20. Bb1 Red8 21. Qb2 Na6 22. Nxf6+ Kh8 23. Ng4+ Qg7 24. Nfe5 Kg8 25. Qc2 f5 26. Re3 fxg4 27. Nxg4 Bxd6 28. Rh3 Qxg4 29. Qxh7+ Kf8 30. Qh8+ Qg8 31. Qf6+ Ke8 32. Rh8 Qxh8 33. Qxh8+ Bf8 34. Qh5+ Ke7 35. Qg5+ Kf7 36. Bg6+ Kg7 37. Bf5+ 1-0

[Event "Moscow op-E"]
[Site "Moscow"]
[Date "2011.02.01"]
[Round "4.152"]
[White "Vasilyev, Vasily"]
[Black "Tchernyi, Viktor"]
[Result "0-1"]
[WhiteElo "2006"]
[BlackElo "2137"]
[PlyCount "98"]
[EventDate "2011.01.29"]
[EventType "swiss"]
[EventRounds "9"]
[EventCountry "RUS"]
[SourceTitle "EXT 2022"]
[Source "ChessBase"]
[SourceDate "2021.10.06"]
[SourceVersion "1"]
[SourceVersionDate "2021.10.06"]
[SourceQuality "1"]

1. d4 d5 2. c4 c6 3. Nf3 Nf6 4. g3 Bf5 5. Bg2 e6 6. 0-0 Nbd7 7. Nc3 dxc4 8. a4 a5 9. Re1 Bb4 10. Nh4 Bg4 11. h3 Bh5 12. Qc2 Nb6 13. Bf4 Nfd5 14. Bd2 Be7 15. Ne4 0-0 16. Nc5 Bxh4 17. gxh4 Qxh4 18. e4 Nf4 19. Bxf4 Qxf4 20. Nxb7 Ra7 21. Nc5 Rd8 22. Qc3 Qd6 23. e5 Qxd4 24. Ne4 Qxc3 25. bxc3 Nd5 26. Bf1 Bg6 27. Ra3 Nf4 28. Bxc4 Nxh3+ 29. Kg2 Nf4+ 30. Kg3 Nd3 31. Bxd3 Rxd3+ 32. Kg2 Bxe4+ 33. Rxe4 Rb7 34. Rc4 Rb6 35. Ra2 h5 36. f3 g5 37. Kf2 Kg7 38. Ke2 Rd5 39. Re4 Kg6 40. c4 Rd7 41. Ra3 Kf5 42. Ke3 Rb1 43. Ra2 Re1+ 44. Re2 Rdd1 45. Kf2 Rf1+ 46. Ke3 Ra1 47. Kd4 Rxf3 48. Kc5 Rf4 49. R4e3 Rc1 0-1

[Event "Moscow-ch sf"]
[Site "Moscow"]
[Date "2010.03.09"]
[Round "3"]
[White "Voit, Daria"]
[Black "Tchernyi, Viktor"]
[Result "1-0"]
[WhiteElo "2319"]
[BlackElo "2116"]
[PlyCount "57"]
[EventDate "2010.03.06"]
[EventType "swiss"]
[EventRounds "9"]
[EventCountry "RUS"]
[SourceTitle "CBM 135 Extra"]
[Source "ChessBase"]
[SourceDate "2010.05.04"]
[SourceVersion "1"]
[SourceVersionDate "2010.05.04"]
[SourceQuality "1"]

1. e4 e6 2. d4 d5 3. Nd2 c5 4. exd5 exd5 5. Bb5+ Nc6 6. Ngf3 Bd6 7. c3 Nge7 8. dxc5 Bxc5 9. Nb3 Bd6 10. h3 0-0 11. 0-0 h6 12. Re1 Nf5 13. Be3 Be6 14. Bc5 Bxc5 15. Nxc5 Qb6 16. Nxe6 fxe6 17. Qa4 Nd6 18. Bxc6 bxc6 19. Qb4 Ne4 20. Qxb6 axb6 21. Nd4 Nxf2 22. Rxe6 c5 23. Nc6 Nd3 24. Ne7+ Kh7 25. Nxd5 Rf2 26. Re3 Rd2 27. Nxb6 Rd8 28. Nc4 Rc2 29. Rd1 1-0

[Event "RSSU-18 op"]
[Site "Moscow"]
[Date "2009.10.24"]
[Round "5"]
[White "Alieva, Nurlana"]
[Black "Tchernyi, Viktor"]
[Result "1-0"]
[WhiteElo "1887"]
[BlackElo "2140"]
[PlyCount "39"]
[EventDate "2009.10.17"]
[EventType "swiss"]
[EventRounds "9"]
[EventCountry "RUS"]
[SourceTitle "EXT 2022"]
[Source "ChessBase"]
[SourceDate "2021.10.06"]
[SourceVersion "1"]
[SourceVersionDate "2021.10.06"]
[SourceQuality "1"]

1. e4 e6 2. Nc3 d5 3. Nf3 Nf6 4. e5 Nfd7 5. d4 c5 6. Bg5 Qb6 7. Qd2 cxd4 8. Nxd4 Nxe5 9. 0-0-0 Nbc6 10. Bb5 Bd7 11. Rhe1 Nxd4 12. Bxd7+ Kxd7 13. Rxe5 f6 14. Nxd5 Qd6 15. Nxf6+ gxf6 16. Bxf6 Rg8 17. Qxd4 Qxd4 18. Rxd4+ Ke8 19. g3 Kf7 20. Bh4 1-0